000 00535nam a22001817a 4500
005 20251108172714.0
008 250721s2003 xx 000 0 ara d
082 1 4 _a616.0252/حسي
100 1 _aالحسيني، أيمن
_eمؤلف
245 1 0 _aالإسعافات الأولية للأطفال /
264 1 _aالقاهرة :
_bدار الطلائع،
_c2003.
300 _a132ص.
650 1 7 _aالإسعاف الأولي
650 1 7 _aطب الأطفال
650 1 7 _aالأطفال
942 _2ddc
_cBK
999 _c86420
_d86420